000 00864nas a2200277 4500
001 BR0800160
003 BR-BrBNA
005 20231205111420.0
007 ta
008 230509b bl.|||p| |||| 00| 00por d
040 _aBR-BrBNA
_bpor
_cBiblioteca Nacional de Agricultura
041 _a(Pt)
072 _aF60
100 1 _aWaldt, L.
100 1 _aNogueira, E.M. de C.
100 1 _aCorrente, J.E.
245 1 _aControle químico da podridão parda (Monilinia Fructicola)em nectarina (Prunus Persica Var. Nucipercica)
650 _aDOENÇA DE PLANTA
650 _aCONTROLE QUÍMICO
650 _aFUNGICIDA
650 _aPODRIDÃO PARDA
650 _aNECTARINA
773 0 _tArquivos do Instituto Biológico (Brazil)
_xISSN 0020-3653
_g(Jan-Jun 1999), v. 66(1) p. 9-14
_wBR0800160
909 _a202311
_bLúcia
_c55
_dLúcia Elande
942 _2AGRIS
_n0
_cANA
999 _c192598
_d192598